Vliv nových technologií na organizaci informační činnosti zborník prací

Na minha lista:
Detalhes bibliográficos
Formato: Livro
Idioma:tcheco
Publicado em: Praha Ústředí vědeckých, technických a ekonomických informací 1984
Colecção:Problémy teorie a praxe VTEI sv. 11
Tags: Adicionar Tag
Sem tags, seja o primeiro a adicionar uma tag!

MARC

LEADER 00000nam a2200000 4500
001 c106996
005 20190620101517.5
041 0 |a cze 
044 |a CZ 
245 1 0 |a Vliv nových technologií na organizaci informační činnosti  |b zborník prací 
264 1 |a Praha  |b Ústředí vědeckých, technických a ekonomických informací  |c 1984 
300 |a 192 s. 
490 1 |a Problémy teorie a praxe VTEI  |v sv. 11 
830 0 |a Problémy teorie a praxe VTEI  |v sv. 11